[Event "DEM U10/U10w 2008"]
[Site "Willingen GER"]
[Date "2008.05.12"]
[Round "4"]
[White "Altstadt, Karl-Simon"]
[Black "Brandl, Lea Maria"]
[Result "1/2-1/2"]
[Termination "normal"]
[Board "25"]
[WhiteElo "1177"]
[BlackElo "972"]
[PlyCount "79"]
[WhiteFideId "24696676"]
[BlackFideId "24693049"]
[EventCountry "GER"]
[EventRounds "11"]
[EventType "swiss"]
[EventDate "2008.05.10"]

1. e4 c5 2. Nf3 Nc6 3. d4 cxd4 4. Nxd4 d6 5. Nc3 Nf6 6. Bb5 Bd7 7. Be3 a6 8.
Nxc6 Bxc6 9. Bxc6+ bxc6 10. O-O d5 11. exd5 cxd5 12. Bg5 e6 13. Qd4 Be7 14.
Qa4+ Nd7 15. Bxe7 Qxe7 16. Rae1 O-O 17. Nxd5 Qd6 18. Nc3 Rab8 19. Rd1 Qe7 20.
Rxd7 Qg5 21. Ne4 Qg6 22. Rfd1 h6 23. b3 f5 24. Nc3 f4 25. Qe4 Qe8 26. Qe5 Qg6
27. Re1 Rfe8 28. Rd6 f3 29. g3 Qxc2 30. Rxe6 Rxe6 31. Qxb8+ Kh7 32. Rf1 Qxc3
33. Qf4 Re1 34. Qf5+ Kg8 35. Qd5+ Kh7 36. Qf5+ Kh8 37. Qf8+ Kh7 38. Qf5+ Kh8
39. Qf8+ Kh7 40. Qf5+ 1/2-1/2

[Event "DEM U10/U10w 2008"]
[Site "Willingen GER"]
[Date "2008.05.12"]
[Round "4"]
[White "Allin, Alexander"]
[Black "Heinemann, Josefine"]
[Result "1-0"]
[Termination "normal"]
[Board "26"]
[WhiteElo "1156"]
[BlackElo "941"]
[PlyCount "63"]
[WhiteFideId "12903698"]
[BlackFideId "12900460"]
[EventCountry "GER"]
[EventRounds "11"]
[EventType "swiss"]
[EventDate "2008.05.10"]

1. e4 e5 2. Nf3 Nc6 3. Bc4 Bc5 4. c3 Nf6 5. d3 d6 6. Bb3 a6 7. Nbd2 Bg4 8. h3
Bh5 9. Nf1 Na5 10. Bc2 Bb6 11. Qe2 O-O 12. Bg5 h6 13. Bh4 Qe7 14. g4 Bg6 15.
Ng3 Qe6 16. Nf5 c6 17. b4 Rad8 18. bxa5 Bxa5 19. O-O Bxc3 20. Rab1 h5 21. Bb3
Qd7 22. Bxf6 gxf6 23. Rfc1 Ba5 24. N3h4 d5 25. gxh5 Bh7 26. Qg4+ Bg6 27. hxg6
fxg6 28. Qxg6+ Kh8 29. Qh6+ Kg8 30. exd5 Rf7 31. dxc6 bxc6 32. Qg7# 1-0

[Event "DEM U10/U10w 2008"]
[Site "Willingen GER"]
[Date "2008.05.12"]
[Round "4"]
[White "Palm, Sören"]
[Black "Hälterlein, Anna"]
[Result "1-0"]
[Termination "normal"]
[Board "27"]
[WhiteElo "1261"]
[BlackElo "841"]
[PlyCount "83"]
[WhiteFideId "12925853"]
[EventCountry "GER"]
[EventRounds "11"]
[EventType "swiss"]
[EventDate "2008.05.10"]

1. e4 e5 2. d4 Nc6 3. Nf3 exd4 4. Nxd4 Nf6 5. Nxc6 bxc6 6. Bd3 d5 7. exd5 cxd5
8. Bb5+ Bd7 9. Bd3 Bc5 10. O-O c6 11. h3 Ne4 12. Qf3 Qe7 13. Be3 Bd6 14. Bf4
Ng5 15. Bxg5 Qxg5 16. Re1+ Be6 17. Bf5 Qf6 18. Bxe6 fxe6 19. Qxf6 gxf6 20.
Rxe6+ Kd7 21. Re2 Rhe8 22. Rxe8 Rxe8 23. Nd2 Re2 24. Rd1 Bc5 25. c3 Rxf2 26.
Ne4 Rf4+ 27. Nxc5+ Kd6 28. b4 a5 29. Nb7+ Kc7 30. Nxa5 Kb6 31. a4 h6 32. Nb3
Re4 33. Kf2 Re7 34. Nd4 Ra7 35. a5+ Ka6 36. Nxc6 Rc7 37. Rxd5 Rxc6 38. b5+ Kxa5
39. bxc6+ Kb6 40. Rf5 Kxc6 41. Rxf6+ Kd5 42. Rxh6 1-0

[Event "DEM U10/U10w 2008"]
[Site "Willingen GER"]
[Date "2008.05.12"]
[Round "4"]
[White "Janke, Hendrik"]
[Black "Hösch, Peter"]
[Result "1-0"]
[Termination "normal"]
[Board "28"]
[WhiteElo "999"]
[BlackElo "1340"]
[PlyCount "63"]
[WhiteFideId "12921831"]
[EventCountry "GER"]
[EventRounds "11"]
[EventType "swiss"]
[EventDate "2008.05.10"]

1. e4 e5 2. Nf3 Nc6 3. Be2 Nf6 4. d3 Bc5 5. Nc3 h6 6. O-O O-O 7. Be3 Bxe3 8.
fxe3 Ng4 9. Qd2 f5 10. exf5 Rxf5 11. h3 Nf6 12. Nh4 Rxf1+ 13. Rxf1 d5 14. Bf3
Be6 15. Ng6 Kh7 16. Nh4 Qd7 17. Kh2 d4 18. exd4 exd4 19. Ne4 Bxa2 20. Nxf6+
gxf6 21. Be4+ Kg7 22. Nf5+ Kh8 23. Qxh6+ Kg8 24. Qg6+ Kf8 25. Qxf6+ Qf7 26.
Qh8+ Qg8 27. Nh6+ Bf7 28. Qxg8+ Ke7 29. Qxf7+ Kd6 30. Qd5+ Ke7 31. Rf7+ Ke8 32.
Qd7# 1-0

[Event "DEM U10/U10w 2008"]
[Site "Willingen GER"]
[Date "2008.05.12"]
[Round "4"]
[White "Baberz, Alexander"]
[Black "Weber, Sandra"]
[Result "0-1"]
[Termination "normal"]
[Board "29"]
[WhiteElo "984"]
[BlackElo "1195"]
[PlyCount "74"]
[WhiteFideId "12921734"]
[BlackFideId "1270049"]
[EventCountry "GER"]
[EventRounds "11"]
[EventType "swiss"]
[EventDate "2008.05.10"]

1. d4 e6 2. c4 Nf6 3. Nc3 Bb4 4. Qc2 d5 5. a3 Bxc3+ 6. Qxc3 O-O 7. Bg5 h6 8.
Bh4 Nbd7 9. Nf3 b6 10. Ne5 Ne4 11. Bxd8 Nxc3 12. Nxd7 Rxd8 13. Nxb6 cxb6 14.
bxc3 dxc4 15. e4 Bb7 16. f3 Rac8 17. Be2 Re8 18. O-O f6 19. Rad1 a6 20. d5 exd5
21. exd5 Rxe2 22. d6 Rd8 23. Rd4 Re3 24. d7 Rd3 25. Rxc4 R8xd7 26. Rb1 b5 27.
Rcb4 Rxc3 28. a4 Bc6 29. axb5 axb5 30. R4b3 Rxb3 31. Rxb3 Rb7 32. Rc3 Rb6 33.
Rb3 b4 34. Kf2 Ba4 35. Rb2 b3 36. Ke3 Rd6 37. Ke2 Kf7 0-1

[Event "DEM U10/U10w 2008"]
[Site "Willingen GER"]
[Date "2008.05.12"]
[Round "4"]
[White "Schmid, Floyd"]
[Black "Marach, Jonas"]
[Result "1-0"]
[Termination "normal"]
[Board "30"]
[WhiteElo "1156"]
[BlackElo "1000"]
[PlyCount "105"]
[WhiteFideId "24686069"]
[BlackFideId "1270493"]
[EventCountry "GER"]
[EventRounds "11"]
[EventType "swiss"]
[EventDate "2008.05.10"]

1. e4 e5 2. Nf3 Nc6 3. Bc4 Nf6 4. d4 exd4 5. e5 d5 6. Bb5 Nd7 7. Bxc6 bxc6 8.
O-O c5 9. Re1 Nb6 10. h3 Be7 11. b3 O-O 12. Bb2 f6 13. e6 Bd6 14. a4 a5 15. b4
axb4 16. a5 Nc4 17. Bc1 Rxa5 18. Rxa5 Nxa5 19. Qe2 Nc6 20. Nh4 Ne5 21. f4 Ng6
22. Nxg6 hxg6 23. e7 Bxe7 24. Qxe7 Qxe7 25. Rxe7 Rf7 26. Re1 Bf5 27. Re2 d3 28.
cxd3 Bxd3 29. Rb2 Re7 30. Kf2 Re4 31. g4 Rc4 32. Bd2 Rc2 33. Rb3 Ra2 34. Rxd3
Ra1 35. Rb3 Ra2 36. Ke3 Kf7 37. f5 g5 38. Be1 Rh2 39. Kf3 Rxh3+ 40. Bg3 Rh1 41.
Bxc7 Ke7 42. Bg3 Kd7 43. Nd2 Rd1 44. Ke2 Rc1 45. Rb1 Rxb1 46. Nxb1 Kc6 47. Kd2
d4 48. Kd3 Kd5 49. Nd2 Kc6 50. Kc4 Kb6 51. Nb3 d3 52. Kxd3 Kb5 53. Nd2 1-0

[Event "DEM U10/U10w 2008"]
[Site "Willingen GER"]
[Date "2008.05.12"]
[Round "4"]
[White "Schnepper, Pauline"]
[Black "Hümmecke, Sarah"]
[Result "1/2-1/2"]
[Termination "normal"]
[Board "31"]
[WhiteElo "1145"]
[BlackElo "997"]
[PlyCount "122"]
[WhiteFideId "12918040"]
[EventCountry "GER"]
[EventRounds "11"]
[EventType "swiss"]
[EventDate "2008.05.10"]

1. e4 e5 2. Nf3 Nc6 3. d4 exd4 4. Nxd4 Bc5 5. Be3 Qf6 6. c3 Bxd4 7. cxd4 Nge7
8. Nc3 O-O 9. Bc4 d6 10. O-O Qg6 11. Qf3 Qg4 12. Qxg4 Bxg4 13. h3 Bh5 14. Ne2
Nb4 15. Bf4 Bg6 16. e5 d5 17. Bb3 Bd3 18. Rfe1 Bc4 19. Bxc4 Nc2 20. Bd3 Nxa1
21. Rxa1 c6 22. Rc1 h6 23. Bd2 f6 24. Bb4 Rae8 25. e6 f5 26. g3 Rf6 27. Nf4 Kh7
28. h4 a6 29. a3 Kh8 30. Kg2 g5 31. hxg5 hxg5 32. Nh3 Rg6 33. Re1 b6 34. Bc2 a5
35. Bd6 Rgg8 36. g4 fxg4 37. Be5+ Rg7 38. Bxg7+ Kxg7 39. Nxg5 Kf6 40. Nh7+ Kg7
41. Kg3 c5 42. dxc5 bxc5 43. Kxg4 c4 44. Ng5 d4 45. Bd1 Rd8 46. b4 d3 47. bxa5
c3 48. a6 c2 49. Bxc2 dxc2 50. Rc1 Rd1 51. Rxc2 Rd8 52. Rc7 Kf6 53. Ne4+ Kxe6
54. f4 Ra8 55. a4 Kf7 56. f5 Rxa6 57. Nc5 Ra5 58. f6 Kxf6 59. Kf3 Nd5 60. Rc6+
Ke5 61. Kf2 Ne7 1/2-1/2

[Event "DEM U10/U10w 2008"]
[Site "Willingen GER"]
[Date "2008.05.12"]
[Round "4"]
[White "Boes, Julian"]
[Black "Mager, Denis"]
[Result "0-1"]
[Termination "normal"]
[Board "32"]
[WhiteElo "966"]
[BlackElo "1145"]
[PlyCount "80"]
[WhiteFideId "12907723"]
[BlackFideId "24691127"]
[EventCountry "GER"]
[EventRounds "11"]
[EventType "swiss"]
[EventDate "2008.05.10"]

1. e4 e5 2. Nf3 Nc6 3. Bc4 Bc5 4. Nc3 Nf6 5. d3 Nd4 6. Bg5 d6 7. Nd5 Be6 8.
Nxf6+ gxf6 9. Bxe6 fxe6 10. Be3 Qe7 11. Nxd4 exd4 12. Bd2 Rg8 13. Qh5+ Kd8 14.
g3 Kd7 15. O-O-O a5 16. f4 Rgb8 17. f5 e5 18. g4 b5 19. g5 Rf8 20. Rhg1 Qf7 21.
gxf6 Qxh5 22. Rg7+ Rf7 23. Rxf7+ Qxf7 24. Rg1 Rg8 25. Rxg8 Qxg8 26. b3 b4 27.
Kb2 Qf7 28. Bg5 h6 29. Bh4 Ba7 30. h3 c5 31. Kb1 Bb6 32. Kb2 Bd8 33. Kb1 Bxf6
34. Bxf6 Qxf6 35. Kb2 Qh4 36. a4 Qxh3 37. c4 dxc3+ 38. Kc2 Qg2+ 39. Kc1 Qd2+
40. Kb1 Qb2# 0-1

[Event "DEM U10/U10w 2008"]
[Site "Willingen GER"]
[Date "2008.05.12"]
[Round "4"]
[White "Wenzke, Tim"]
[Black "Moses, Selina"]
[Result "1-0"]
[Termination "normal"]
[Board "33"]
[WhiteElo "1129"]
[BlackElo "954"]
[PlyCount "57"]
[BlackFideId "12908070"]
[EventCountry "GER"]
[EventRounds "11"]
[EventType "swiss"]
[EventDate "2008.05.10"]

1. e4 e5 2. Nf3 Nc6 3. Bc4 Bc5 4. c3 Nf6 5. d4 exd4 6. e5 Qe7 7. cxd4 Bb4+ 8.
Bd2 Bxd2+ 9. Nbxd2 d6 10. Qe2 dxe5 11. dxe5 Ng4 12. h3 Ngxe5 13. Nxe5 Nxe5 14.
Bb3 Bf5 15. O-O O-O 16. f4 Nc6 17. Qf3 Nd4 18. Qf2 Nxb3 19. Nxb3 a6 20. Rfe1
Qf6 21. Rad1 Rad8 22. Rxd8 Rxd8 23. Qd2 h6 24. Qe2 Bd3 25. Qf2 Bc4 26. Nc5 Bxa2
27. Nxb7 Rb8 28. Qc2 Rxb7 29. Re8# 1-0

[Event "DEM U10/U10w 2008"]
[Site "Willingen GER"]
[Date "2008.05.12"]
[Round "4"]
[White "Damm, Nils"]
[Black "Reksten, Lisa"]
[Result "0-1"]
[Termination "normal"]
[Board "35"]
[WhiteElo "1109"]
[BlackElo "936"]
[PlyCount "84"]
[WhiteFideId "24693065"]
[EventCountry "GER"]
[EventRounds "11"]
[EventType "swiss"]
[EventDate "2008.05.10"]

1. e4 e5 2. Nf3 Nc6 3. d4 exd4 4. c3 d5 5. exd5 Qxd5 6. cxd4 Bb4+ 7. Nc3 Bg4 8.
Bd2 Bxc3 9. Bxc3 Nf6 10. Be2 O-O 11. O-O Ne4 12. h3 Bh5 13. Re1 Rfe8 14. Ne5
Bxe2 15. Rxe2 Nxc3 16. bxc3 Nxe5 17. Rxe5 Rxe5 18. dxe5 Qxe5 19. Qd7 Qxc3 20.
Rb1 b6 21. Rd1 h6 22. Rd3 Qa1+ 23. Rd1 Qxa2 24. Qxc7 b5 25. Rd8+ Rxd8 26. Qxd8+
Kh7 27. Qd3+ g6 28. Qxb5 a5 29. Qd7 a4 30. h4 h5 31. g4 hxg4 32. h5 Kh6 33. Qe8
Qa1+ 34. Kg2 Kxh5 35. Qb5+ Kh6 36. f4 a3 37. Qg5+ Kg7 38. f5 Qf6 39. Qxf6+ Kxf6
40. fxg6 Kxg6 41. Kg3 a2 42. Kxg4 a1=Q 0-1

[Event "DEM U10/U10w 2008"]
[Site "Willingen GER"]
[Date "2008.05.12"]
[Round "4"]
[White "Braun, Nicklas Stefan"]
[Black "Oelfke, Nils Lukas"]
[Result "1-0"]
[Termination "normal"]
[Board "36"]
[WhiteElo "1097"]
[BlackElo "921"]
[PlyCount "43"]
[EventCountry "GER"]
[EventRounds "11"]
[EventType "swiss"]
[EventDate "2008.05.10"]

1. e4 e5 2. Bc4 Nf6 3. Nc3 Nxe4 4. Nxe4 d5 5. Bxd5 Qxd5 6. d3 f5 7. Qh5+ g6 8.
Nf6+ Kd8 9. Nxd5 gxh5 10. Bg5+ Kd7 11. Nf3 Bd6 12. O-O h6 13. Bf6 Re8 14. Bg7
Kd8 15. Bxh6 c6 16. Bg5+ Be7 17. Nxe7 Rxe7 18. Bxe7+ Kxe7 19. Nxe5 Nd7 20. Rae1
Nxe5 21. Rxe5+ Be6 22. Rfe1 1-0

[Event "DEM U10/U10w 2008"]
[Site "Willingen GER"]
[Date "2008.05.12"]
[Round "4"]
[White "Hamacher, Emily"]
[Black "Mann, Jonas"]
[Result "1-0"]
[Termination "normal"]
[Board "37"]
[WhiteElo "847"]
[BlackElo "1081"]
[PlyCount "67"]
[BlackFideId "12900214"]
[EventCountry "GER"]
[EventRounds "11"]
[EventType "swiss"]
[EventDate "2008.05.10"]

1. e4 c5 2. d4 cxd4 3. c3 dxc3 4. Nxc3 d6 5. Nf3 Nf6 6. Bc4 e6 7. Be3 Be7 8.
O-O O-O 9. Qd2 a6 10. a4 Qc7 11. b3 Nbd7 12. Rad1 Nc5 13. Bxc5 Qxc5 14. Rfe1
Nd7 15. Qd4 Qh5 16. e5 dxe5 17. Nxe5 Bf6 18. f4 g5 19. g3 gxf4 20. gxf4 Kh8 21.
Qe4 Bh4 22. Re2 f5 23. Qe3 Nxe5 24. Qxe5+ Bf6 25. Qc5 Rg8+ 26. Rg2 Bxc3 27.
Rxg8+ Kxg8 28. Rd8+ Kg7 29. Qe7+ Kg6 30. Rg8+ Kh6 31. Rg5 Bd4+ 32. Kg2 Qd1 33.
Rg7 Bxg7 34. Qg5# 1-0

[Event "DEM U10/U10w 2008"]
[Site "Willingen GER"]
[Date "2008.05.12"]
[Round "4"]
[White "Hartge, Gedeon"]
[Black "Gerken, Frieso"]
[Result "0-1"]
[Termination "normal"]
[Board "38"]
[WhiteElo "1064"]
[BlackElo "878"]
[PlyCount "104"]
[WhiteFideId "12932116"]
[BlackFideId "1270505"]
[EventCountry "GER"]
[EventRounds "11"]
[EventType "swiss"]
[EventDate "2008.05.10"]

1. d4 d5 2. c4 e6 3. Nf3 Nf6 4. Bg5 Nbd7 5. Nc3 Be7 6. e3 O-O 7. Bd3 b6 8. cxd5
exd5 9. Rc1 Bb7 10. O-O c5 11. Bb1 Rc8 12. Qc2 Qc7 13. Ne5 g6 14. Bh6 Rfd8 15.
f4 Ne4 16. Nxe4 dxe4 17. Qc4 Nxe5 18. fxe5 Bd5 19. Qe2 Bf8 20. Bf4 Qd7 21. Bc2
Bc6 22. Qf2 cxd4 23. exd4 Qxd4 24. Bb3 Bc5 25. Qxd4 Bxd4+ 26. Kh1 Bxb2 27. Bg5
Bxc1 28. Bxd8 Rxd8 29. Rxc1 Bb5 30. Rc7 Rd7 31. Rc8+ Kg7 32. h3 Re7 33. Ra8
Rxe5 34. Rxa7 e3 35. Rxf7+ Kh6 36. Bd1 e2 37. Bxe2 Rxe2 38. g4 Rxa2 39. h4 Bc6+
40. Kg1 b5 41. g5+ Kh5 42. Rxh7+ Kg4 43. Rg7 b4 44. Rxg6 b3 45. Rxc6 b2 46. Rb6
Ra1+ 47. Kf2 b1=Q 48. Rxb1 Rxb1 49. Ke3 Kxh4 50. Kf4 Rb4+ 51. Kf5 Rb5+ 52. Kf4
Rxg5 0-1

[Event "DEM U10/U10w 2008"]
[Site "Willingen GER"]
[Date "2008.05.12"]
[Round "4"]
[White "Padelt, Aaron"]
[Black "Döpper, Anna Berenice"]
[Result "1-0"]
[Termination "normal"]
[Board "39"]
[WhiteElo "1023"]
[BlackElo "858"]
[PlyCount "55"]
[BlackFideId "1271853"]
[EventCountry "GER"]
[EventRounds "11"]
[EventType "swiss"]
[EventDate "2008.05.10"]

1. d4 d5 2. c4 e5 3. Nc3 exd4 4. Qxd4 Nc6 5. Qd1 d4 6. Nd5 Be6 7. e4 dxe3 8.
Bxe3 Nb4 9. Nf3 Nxd5 10. cxd5 Bxd5 11. Be2 Nf6 12. O-O Ng4 13. Qa4+ Bc6 14.
Qxg4 Bd7 15. Qe4+ Be7 16. Bd3 Bc6 17. Qd4 Qb8 18. Qxg7 Rf8 19. Ng5 h5 20. Nh7
Qd8 21. Rad1 Qd5 22. f3 Qxa2 23. Rfe1 O-O-O 24. Nxf8 Bxf8 25. Bf5+ Bd7 26.
Bxd7+ Rxd7 27. Qxf8+ Rd8 28. Rxd8# 1-0

[Event "DEM U10/U10w 2008"]
[Site "Willingen GER"]
[Date "2008.05.12"]
[Round "4"]
[White "Schmekel, Florian"]
[Black "Sadjjadi, Anahita"]
[Result "1-0"]
[Termination "normal"]
[Board "41"]
[WhiteElo "1182"]
[BlackElo "863"]
[PlyCount "51"]
[WhiteFideId "12913456"]
[EventCountry "GER"]
[EventRounds "11"]
[EventType "swiss"]
[EventDate "2008.05.10"]

1. e4 d5 2. exd5 Qxd5 3. Nc3 Qa5 4. d4 Nf6 5. Nf3 c6 6. Bc4 b5 7. Bb3 Bg4 8.
Bg5 Bxf3 9. Qxf3 b4 10. Ne4 Nbd7 11. Nxf6+ Nxf6 12. Qxc6+ Kd8 13. Qxa8+ Kc7 14.
Qf3 Qxg5 15. Bxf7 e5 16. dxe5 Qxe5+ 17. Qe3 Qxb2 18. Qxa7+ Kd6 19. Qb6+ Ke7 20.
Qc7+ Nd7 21. Rd1 Kxf7 22. Rxd7+ Kf6 23. Qc6+ Kf5 24. Rd5+ Ke4 25. Qc4+ Qd4 26.
Qxd4# 1-0

[Event "DEM U10/U10w 2008"]
[Site "Willingen GER"]
[Date "2008.05.12"]
[Round "4"]
[White "Schwarz, Larissa"]
[Black "Müller, Max"]
[Result "1-0"]
[Termination "normal"]
[Board "42"]
[WhiteElo "898"]
[BlackElo "800"]
[PlyCount "65"]
[WhiteFideId "24699004"]
[BlackFideId "12900486"]
[EventCountry "GER"]
[EventRounds "11"]
[EventType "swiss"]
[EventDate "2008.05.10"]

1. d4 d5 2. c4 e6 3. Nc3 Nf6 4. Bg5 Bb4 5. e3 O-O 6. Bd3 h6 7. Bh4 b6 8. f3
Nbd7 9. e4 dxe4 10. fxe4 Re8 11. e5 Bb7 12. Nf3 Be7 13. exf6 Bxf6 14. Bxf6 Qxf6
15. O-O Bxf3 16. Qxf3 Qxf3 17. Rxf3 e5 18. Nd5 Rac8 19. Bf5 Red8 20. Bxd7 Rxd7
21. dxe5 c6 22. Nc3 Re8 23. Re3 f6 24. e6 Rde7 25. Rae1 Kh8 26. b4 f5 27. b5 c5
28. Nd5 Rb7 29. e7 g5 30. Nf6 Rexe7 31. Rxe7 Rxe7 32. Rxe7 a5 33. Rh7# 1-0

[Event "DEM U10/U10w 2008"]
[Site "Willingen GER"]
[Date "2008.05.12"]
[Round "4"]
[White "Schröder, Janina"]
[Black "Falk, Frederike"]
[Result "0-1"]
[Termination "normal"]
[Board "44"]
[WhiteElo "738"]
[BlackElo "918"]
[PlyCount "46"]
[WhiteFideId "24693138"]
[EventCountry "GER"]
[EventRounds "11"]
[EventType "swiss"]
[EventDate "2008.05.10"]

1. e4 c6 2. Nf3 d5 3. exd5 cxd5 4. d4 Bf5 5. Nc3 Nf6 6. Bf4 e6 7. Bb5+ Nbd7 8.
O-O Bb4 9. Ne5 O-O 10. Nxd7 Nxd7 11. Bxd7 Qxd7 12. Qf3 Bxc3 13. Qxc3 Qe7 14.
Qg3 Qf6 15. Be5 Qg6 16. Qb3 b6 17. Rfe1 Be4 18. f3 Bxc2 19. Qa3 Bf5 20. Re3 Bh3
21. g3 Qc2 22. Re2 Qxe2 23. Rd1 Qg2# 0-1

[Event "DEM U10/U10w 2008"]
[Site "Willingen GER"]
[Date "2008.05.12"]
[Round "4"]
[White "Wagner, Swenja"]
[Black "Zeller, Anna"]
[Result "1-0"]
[Termination "normal"]
[Board "45"]
[WhiteElo "832"]
[BlackElo "690"]
[PlyCount "75"]
[WhiteFideId "12900494"]
[EventCountry "GER"]
[EventRounds "11"]
[EventType "swiss"]
[EventDate "2008.05.10"]

1. e4 e5 2. Nf3 Nc6 3. Bc4 Nf6 4. Ng5 d5 5. Bxd5 Nxd5 6. exd5 Qxd5 7. Nf3 Bg4
8. Nc3 Bxf3 9. gxf3 Qd4 10. Nb5 Qb6 11. Nc3 O-O-O 12. d3 Qd4 13. Be3 Qh4 14.
Qd2 Nd4 15. Bxd4 exd4 16. Ne4 Re8 17. O-O-O f5 18. Ng3 Be7 19. Nxf5 Bg5 20.
Nxh4 Bxd2+ 21. Rxd2 g5 22. Nf5 c5 23. h4 Rhf8 24. Nd6+ Kd7 25. Nxe8 Kxe8 26.
hxg5 Rxf3 27. Rxh7 Rf5 28. g6 Rg5 29. g7 Rg1+ 30. Rd1 Rxd1+ 31. Kxd1 Ke7 32.
g8=Q+ Kd6 33. Qg6+ Ke5 34. Rh5+ Kf4 35. Qg5+ Kf3 36. Rh3+ Kxf2 37. Qg3+ Kf1 38.
Rh1# 1-0